De A à Z - Gentilés de France (noms des habitants) - Statistiques

Statistiques générales
  • Ce quiz a été pris 984 fois
  • Le résultat moyen est 11 sur 26
Statistiques - réponses
Gentilé : Ville : % Correct
A Amiénois Amiens
99%
Q Quimpérois Quimper
90%
L Lensois Lens
89%
N Niortais Niort
89%
R Rémois Reims
87%
M Messin Metz
80%
H Hyérois Hyères
76%
P Palois Pau
66%
T Tourquennois Tourcoing
48%
B Bisontins Besançon
45%
U Ussellois Ussel
44%
C Cagnois Cagnes-sur-Mer
41%
F Fuxéens Foix
37%
I Isséens Issy-les-Moulineaux
36%
Y Ypsiloniens Y
35%
J Juanais Juan-les-Pins
34%
W Wingersheimois Wingersheim
33%
S Briochins Saint-Brieuc
28%
E Sparnaciens Épernay
9%
K Killemois Killem
9%
Z Zozais Zoza
9%
O Orcéens Orsay
8%
G Géromois Gérardmer
7%
X Xertinois Xertigny
6%
D Durocasses Dreux
3%
V Julittois Villejuif
2%
Aucun quiz correspondant
Distribution des résultats
% des personnes avec chaque résultat
Percentile par nombre de réponses
Votre historique - résultats
Vous n’avez pas pris ce quiz